Natação (Registo nº 202057)

Detalhes MARC
000 -Etiqueta do registo
Valores 00554nam 22001813 4500
100 ## - Dados gerais de processamento
Dados gerais 20260506d u||y0pory50 ba
200 ## - Titulo e menção de responsabilidade
Título próprio Natação
Primeira menção de responsabilidade Direcção do Gerhard Lewin
210 ## - Publicação
Local de publicação Lisboa
Nome do editor Editorial Estampa
Data de publicação 1978
215 ## - Descrição física 
Paginação / Volumes 345 p.
Outras indicações físicas brochado
Dimensões 22 cm
606 ## - Nome comum usado como assunto
ID Autoridade 14416
Palavra de ordem Divertimentos públicos. Espetáculos. Cinema.Teatro. Dança. Jogos de mesa. Desportos
610 ## - Termos não controlados
Palavra de ordem natação
675 ## - CDU
Notação 79
Edição PT
Língua por
700 ## - Autor principal (pessoa individual)
ID Autoridade 17251
Apelido Lewin
Nome Gerhard
801 ## - Fonte de origem
País PT
Agência BMMN
Regras de catalogação RPC
830 ## - Notas gerais do catalogador
Criado por Fernando
Indexado por Fernando
990 ## - Elementos KOHA
Tipo de documento Livro
Exemplares
Situação do levantamento Biblioteca de origem Código de barras Cota Permissão de empréstimo Tipo de documento Forma de aquisição
  Biblioteca Municipal de Montemor-o-Novo 31472 79 LEW|DEP   Livro Oferta

Powered by Koha